Countries with highest poverty rates that are not in africa - Statistics

General Stats
  • This quiz has been taken 37 times
  • The average score is 15 of 20
Answer Stats
Hint Answer % Correct
54.5% Afghanistan
94%
58.5% Haiti
94%
48.6% Yemen
94%
33.1% Venezuela
91%
36.4% Bolivia
86%
36.6% Colombia
86%
64.1% Honduras
86%
35.2% Syria
86%
59.3% Guatemala
83%
26.6% El Salvador
80%
39.9% Papua New Guinea
74%
27.5% Peru
74%
36.3% Mexico
69%
27.4% Lebanon
66%
41.8% East Timor
60%
33.3% Kyrgyzstan
57%
31.3% Moldova
57%
39.2% Argentina
51%
41.2% Micronesia
43%
27.1% Mongolia
40%
No matching quizzes found
Score Distribution
Percent of People with Each Score
Percentile by Number Answered
Your Score History
You have not taken this quiz